| 000 | 01072cam a2200301 i 4500 | ||
|---|---|---|---|
| 999 |
_c58895 _d58895 |
||
| 001 | 58895 | ||
| 003 | Mx-PuUPA | ||
| 005 | 20240410104055.0 | ||
| 008 | 140415s2011 sp a r 000 0 spa d | ||
| 020 | _a9788499201160 | ||
| 040 |
_aMX-PuUPA _bspa _erda _cMx-PuUPA _dMx-PuUPA |
||
| 041 | 0 | _aspa | |
| 130 | 1 | _aYoucat. | |
| 245 | 1 | 0 |
_aYoucat español : _bcatecismo joven de la iglesia católica / _cprólogo del papa Benedicto XVI ; traducción de Irene Szumlakowski. |
| 250 | _a10a. edición | ||
| 264 | 1 |
_aEspaña : _bEdiciones Encuentro, _c2011 |
|
| 300 |
_a299 páginas : _bilustraciones ; _c21 cm. |
||
| 336 |
_atexto _2rdacontent _btxt |
||
| 337 |
_asin medio _2rdamedia _bn |
||
| 338 |
_avolumen _2rdacarrier _bnc |
||
| 650 | 4 |
_aEducación católica _xIglesia católica _xCatecismos |
|
| 650 | 4 |
_aIglesia católica _xLiteratura juvenil |
|
| 700 | 0 |
_aBenedict, _bXVI, _cPope, _d1927- _eprologuista |
|
| 700 | 1 |
_aSzumlakowski, Irene, _etraductor |
|
| 765 | 1 | 8 |
_aSzumlakowski, Irene _tYoucat. |
| 942 |
_2ddc _cLI _h238.2 _iYOU |
||